अजेय (Record no. 456495)

MARC details
000 -LEADER
fixed length control field 00415nam a2200145Ia 4500
008 - FIXED-LENGTH DATA ELEMENTS--GENERAL INFORMATION
fixed length control field 100204s9999 xx 000 0 und d
082 ## - DEWEY DECIMAL CLASSIFICATION NUMBER
Item number 12061
100 ## - MAIN ENTRY--PERSONAL NAME
Personal name शेट््ये चंद्र्रहास
245 ## - TITLE STATEMENT
Title अजेय
260 ## - PUBLICATION, DISTRIBUTION, ETC. (IMPRINT)
Name of publisher, distributor, etc "मनोरमा प्रकाशन , मुंबई"
Date of publication, distribution, etc 1989
300 ## - PHYSICAL DESCRIPTION
Extent 528
630 ## - SUBJECT ADDED ENTRY--UNIFORM TITLE
Uniform title अजेय
730 ## - ADDED ENTRY--UNIFORM TITLE
Uniform title अजेय
942 ## - ADDED ENTRY ELEMENTS (KOHA)
Koha item type Book
Holdings
Withdrawn status Lost status Damaged status Not for loan Home library Current library Date acquired Cost, normal purchase price Total Checkouts Full call number Barcode Date last seen Cost, replacement price Price effective from Koha item type
        N. C. Kelkar Sarvajanik Library, Mulund N. C. Kelkar Sarvajanik Library, Mulund 02/04/2010 160.00   12061 NCKMULUND-12061 02/04/2010 160.00 02/04/2010 Book